1853 1844 1291 1403 1639 1105 1831 1245 1985 1580 1295 1249 1429 1088 1404 1471 1376 1460 1932 1713 1726 1849 1130 1216 1432 1688 1116 1447 1295 1065 1188 1955 1851 1231 1278 1352 1763 1559 1295 1008 1572 1454 1634 1233 1437 1627 1835 1190 1997 1468 1366 1278 1021 1021 1612 1043 1727 1872 1400 1288 1404 1462 1497 1926 1074 1768 1213 1570 1883 1551 1622 1678 1092 1709 1656 1329 1913 1299 1444 1903 1618 1960 1716 1064 1119 1091 1210 1090 1320 1795 1797 1035 1915 1118 1559 1877 1691 1007 1364 BCNSPRNW ULIB Ver.6.0+V

เปลี่ยนเป็นภาษาไทย

Change to English
 แสดงรายละเอียดบรรณานุกรม
  กลับหน้าหลัก

Brief Record : Get Marc (ISO 2709) : E-mail record : QR code < ปิดหน้าต่าง
LEADER : 00000nam 2200000uu 4500
001    13399128542
003     ULIB
008    230906s2564||||th 000 0 tha d
020    ^a9786168201138
060 04 ^aWG180^bว719ก
100 0  ^aวิลาวัณย์ ถิรภัทรพงศ์
245 10 ^aการฟื้นฟูสมรรถภาพหัวใจและปอด = ^bCardiopulmonaryrehabilitation /^cวิลาวัณย์ ถิรภัทรพงศ์
246 31 ^aCardiopulmonary rehabilitation
250    ^aพิมพ์ครั้งที่ 1
260    ^aกรุงเทพฯ :^bสำนักพิมพ์ศิริราช,^c2564
300    ^a290 หน้า :^bภาพประกอบ ;^c30 ซม.
650  4 ^aการฟื้นฟูสมรรถภาพ
650  4 ^aระบบหัวใจและหลอดเลือด^xโรค^xการฟื้นฟูสมรรถภาพ
650  4 ^aหัวใจ, โรค^xการฟื้นฟูสมรรถภาพ
650  4 ^aปอด, โรค^xผู้ป่วย^xการฟื้นฟูสมรรถภาพ
710 2  ^aมหาวิทยาลัยมหิดล.^bคณะแพทยศาสตร์ศิริราชพยาบาล
945    ^p400^l0^i29688
945    ^p400^l0^i29689
999    ^aกัณชพร จุลอักษร
รายการนี้ยังไม่มีแท็ก
คุณยังไม่ได้ล็อกอิน คุณสามารถมีกิจกรรมร่วมกับเว็บไซต์ได้ แต่ต้องล็อกอินก่อน ::
  ล็อกอิน

รายการสื่อสารสนเทศ

ลำดับที่ ประเภท เลขเรียก/บาร์โค้ด สถานที่ สถานะ
1. หนังสือสำรอง
หนังสือสำรอง
WG180 ว719ก ฉ.1 
  Barcode: 29688
ห้องสมุดวิทยาเขตนครสวรรค์
►หนังสือทั่วไป:l:General Books
บนชั้น
2. วิทยาศาสตร์การแพทย์ และสุขภาพ
วิทยาศาสตร์การแพทย์ และสุขภาพ
WG180 ว719ก ฉ.2 
  Barcode: 29689
ห้องสมุดวิทยาเขตนครสวรรค์
►หนังสือทั่วไป:l:General Books
บนชั้น

รายการใกล้เคียง
    ผู้แต่ง [วิลาวัณย์ ถิรภัทรพงศ์]

    หัวเรื่อง [การฟื้นฟูสมรรถภาพ]

BibComment


ยังไม่เคยถูกคอมเมนท์

คอมเมนท์ทรัพยากรรายการนี้
  คอมเมนท์: การฟื้นฟูสมรรถภา..


 Copyright 2026. Bcnsprnw @Library